Elektroanalytické stanovenie cytostatík vo farmaceutickej a klinickej chémii
Gespeichert in:
| 1. Verfasser: | |
|---|---|
| Weitere Verfasser: | |
| Format: | Manuskript Buch |
| Sprache: | Slowakisch |
| Veröffentlicht: |
2015
|
| Schlagworte: | |
| Online-Zugang: | http://is.stuba.sk/zp/portal_zp.pl?podrobnosti=100950 |
| Tags: |
Keine Tags, Fügen Sie das erste Tag hinzu!
|
MARC
| LEADER | 00000ntm a22000003a 4500 | ||
|---|---|---|---|
| 001 | stuzp52978 | ||
| 003 | SK-STU | ||
| 005 | 20160719154335.2 | ||
| 007 | ta | ||
| 008 | 150427s2015----xo-----f-mn---000-0-slo-d | ||
| 040 | |a STU |b slo | ||
| 041 | 0 | |a slo | |
| 100 | 1 | |a Borovská, Katarína |u 041180 |4 aut |U FCHPT Ústav analytickej chémie |T FCHPT Oddelenie analytickej chémie |X 59155 |U C1180 |Y 108 |7 59155 | |
| 242 | 0 | 1 | |a Electroanalytical determination of cytostatics in pharmaceutical and clinical chemistry |y eng |
| 245 | 1 | 0 | |a Elektroanalytické stanovenie cytostatík vo farmaceutickej a klinickej chémii |
| 260 | |c 2015 | ||
| 650 | 4 | |a stanovenie |2 slo | |
| 650 | 4 | |a citlivosť |2 slo | |
| 650 | 4 | |a voltampérometria |2 slo | |
| 650 | 4 | |a cytostatiká |2 slo | |
| 650 | 4 | |a voltammetry |2 eng | |
| 650 | 4 | |a cytostatics |2 eng | |
| 650 | 4 | |a determination |2 eng | |
| 650 | 4 | |a sensitivity |2 eng | |
| 700 | 1 | |a Švorc, Ľubomír |4 ths |X 19350 |7 A000019350 | |
| 856 | 4 | |u http://is.stuba.sk/zp/portal_zp.pl?podrobnosti=100950 | |
| SQL | |a stuzp52978 |b DBP |c SLO |d Elektroanalytické stanovenie cytostatík vo farmaceutickej a klinickej chémii |e 59155 |f Borovská, Katarína |g 041180 |h 19350 |i Švorc, Ľubomír |j 20150713 |k 752 |l 04 |m http://is.stuba.sk/zp/portal_zp.pl?podrobnosti=100950 |n B-BIOPOT |o 5.2.25. biotechnológie | ||